| 000 | 00801nam a2200241 a 4500 | ||
|---|---|---|---|
| 005 | 20220524181835.0 | ||
| 008 | 191211s2006 sp grd 000 0 spa d | ||
| 020 | _a8420658251 | ||
| 035 | _aUPN01000234795 | ||
| 040 |
_aMX-MxUPN _bspa _cMX-MxUPN |
||
| 050 | 1 | 4 |
_aZ1006 _bB3.7 |
| 100 | 1 |
_aBartolomé, Manuel _944520 |
|
| 245 | 1 | 4 |
_aDel libro y su mundo : _bdiccionario de citas / _cManuel Bartolomé, María Vidal Campos. |
| 260 |
_aMadrid : _bAlianza, _c2006. |
||
| 300 | _a386 páginas | ||
| 490 |
_aBiblioteca temática. Biblioteca de consulta ; _v8130 |
||
| 650 | 1 | 7 |
_aLibros y lectura _vCitas, máximas, etc. _2 _944523 |
| 650 | 1 | 7 |
_944525 _aLibros y lectura _vDiccionarios |
| 700 | 1 |
_944524 _aVidal campos, María _ecoautora |
|
| 905 | _aLibro | ||
| 942 |
_2lcc _cLIBRO |
||
| 999 |
_c206890 _d206890 |
||